00649nam a2200181Ia 4500008004100000020001800041050002500059100001900084245006300103260005700166300002100223500003500244521000900279650003400288942001200322999001900334952011400353140529s9999 xx 000 0 und d a9789712348617 aHD 30.28b.Or64 2007 aOrcullo, N. A. aFundamentals of strategic management /cN. A. Orcullo, Jr. aManila, Philippines :bRex Book Store, Inc.,cc2007. a302 p. ;c22 cm. aIncludes appendices and index. aBSBA aOrganizational effectiveness. kLOCcBK c117676d117676 001040aCLbCLcFILd2014-05-30g323.00l0oHD 30.28 .Or64 2007pC16806r2018-05-08 00:00:00w2014-05-30yBK